Paroles - Lorenzo - Fume à fond - Statistiques

Statistiques générales
  • Ce quiz a été pris 502 fois
  • Le résultat moyen est 286 sur 413
Statistiques - réponses
Indice Réponse % Correct
Refrain A
100%
à
100%
a
100%
fond
99%
fume
99%
Fume
99%
le
99%
les
97%
Les
97%
ma
95%
Ma
95%
soir
95%
toutes
94%
au
93%
un
93%
Une
93%
une
93%
main
92%
soirées
92%
C
91%
faut
91%
pour
91%
Pour
91%
nichons
90%
tes
90%
t'es
90%
mon
89%
sur
89%
autre
88%
du
88%
obligé
88%
y
88%
balcon
86%
pet'
86%
pet
86%
de
85%
dispo
85%
monde
84%
ou
84%
Ca
81%
ça
81%
qu'ça
81%
que
80%
la
77%
La
77%
Ouais
77%
bon
62%
Je
62%
il
58%
Il
58%
très
58%
Très
58%
Couplet 1 Dans
57%
dans
57%
pilon
53%
roule
53%
des
50%
en
50%
avec
46%
Ce
46%
sont
46%
ses
45%
cannabis
44%
et
43%
Ferrari
43%
Rico
43%
Tu
43%
Lolo
42%
quand
42%
comme
41%
long
41%
odeur
41%
ramène
41%
yeux
41%
j'en
40%
voisins
40%
d'une
39%
vert
39%
vie
39%
filles
36%
Japon
36%
jusqu'à
36%
ronds
36%
sexe
36%
t'inquiète
36%
s'plaignent
35%
deux
34%
mamène
33%
manque
33%
On
33%
rouges
33%
j'suis
32%
miss
32%
herbes
31%
J'vois
31%
chèvres
30%
fines
30%
j'enfile
30%
pelouse
30%
tabac
30%
weed
30%
bédo
29%
bridés
29%
crache
29%
fait
29%
Roules
29%
roulés
29%
veux
29%
appelle
28%
broute
28%
fumée
28%
m'faut
28%
produit
28%
purple
28%
shit
28%
assistantes
27%
c'est
27%
chibre
27%
p'tites
27%
tirer
27%
coriandre
25%
patate
25%
Tsonga
25%
Ajoute
24%
cherches
23%
pilonière
23%
Si
23%
came
22%
partage
22%
plus
22%
qui
22%
s'en
22%
mes
21%
oreilles
21%
Azy
20%
j'le
20%
nous
20%
Tinky
20%
Winky
20%
beuh
19%
derrière
19%
ils
19%
poubelle
19%
capotes
17%
chiens
17%
reste
17%
sale
17%
trace
17%
babos
16%
faire
16%
frappe
16%
j'vis-ser
16%
balles
15%
flûte
15%
joints
15%
tous
15%
20
14%
Promenons
14%
propres
14%
Tape
14%
tape
14%
trop
14%
d'la
13%
font
13%
jouent
13%
manche
13%
occupent
13%
prévoyant
13%
qu'un
13%
acheter
12%
brouette
12%
rentre
12%
condés
11%
laisse
11%
fonce-dé
10%
Servietsky
10%
souflette
10%
dedans
9%
fonsdalle
9%
j'jette
9%
J'récolte
8%
paye
7%
Aucun quiz correspondant
Distribution des résultats
% des personnes avec chaque résultat
Percentile par nombre de réponses
Votre historique - résultats
Vous n’avez pas pris ce quiz